Olympischer Medaillenspiegel - Moskau 1980 - Statistiken

Allgemein
  • Dieses Quiz wurde 17 mal gespielt
  • Das Durchschnittsergebnis liegt bei 7 aus 11
Antwortstatistiken
Gold Silber Bronze Gesamt Land % Korrekt
47 37 42 126 DDR
94%
80 69 46 195 Sowjetunion
94%
3 14 15 32 Polen
76%
6 6 13 25 Rumänien
71%
8 16 17 41 Bulgarien
65%
6 5 3 14 Frankreich
59%
7 10 15 32 Ungarn
59%
8 7 5 20 Kuba
53%
8 3 4 15 Italien
47%
2 3 9 14 Tschechoslowakei
47%
5 7 9 21 Großbritannien
29%
Keine übereinstimmenden Quizze gefunden
Verteilung der Resultate
Anzahl Personen mit jedem Resultat
Perzentil nach korrekt beantworteten Fragen
Ihre Resultats-Entwicklung
Sie haben dieses Quiz noch nicht gespielt